Calculation of future loss: choosing appropriate discount rate. (Record no. 60440)

MARC details
000 -LEADER
fixed length control field 00844cam a2200193 4500
001 - CONTROL NUMBER
control field ABS60793
008 - FIXED-LENGTH DATA ELEMENTS--GENERAL INFORMATION
fixed length control field 000000n1999 000 0 eng u
035 ## - SYSTEM CONTROL NUMBER
System control number (Sirsi) u101289
100 ## - MAIN ENTRY--PERSONAL NAME
Personal name Castle, R.
245 ## - TITLE STATEMENT
Title Calculation of future loss: choosing appropriate discount rate.
260 ## - PUBLICATION, DISTRIBUTION, ETC.
Date of publication, distribution, etc. 1999
490 ## - SERIES STATEMENT
Series statement Solicitors' Journal
Volume/sequential designation 143(25) 25 June 1999, 618-619(2)
520 ## - SUMMARY, ETC.
Summary, etc. Discusses the "Parkair" case which looked at the question of calculation of future loss in the context of landlord and tenant where liquidators have disclaimed the lease. Concludes that the calculation of compensation is a difficult art, with discounting always necessary but the choice of rate difficult.
650 ## - SUBJECT ADDED ENTRY--TOPICAL TERM
Topical term or geographic name entry element COMPENSATION
650 ## - SUBJECT ADDED ENTRY--TOPICAL TERM
Topical term or geographic name entry element DISCOUNT RATE
690 ## - LOCAL SUBJECT ADDED ENTRY--TOPICAL TERM (OCLC, RLIN)
Topical term or geographic name as entry element LANDLORD AND TENANT-BUSINESS TENANCIES
700 ## - ADDED ENTRY--PERSONAL NAME
Personal name McFarquhar, A.
942 ## - ADDED ENTRY ELEMENTS (KOHA)
Suppress in OPAC 0
Holdings
Withdrawn status Lost status Source of classification or shelving scheme Damaged status Not for loan Home library Current library Shelving location Date acquired Total Checkouts Full call number Barcode Date last seen Copy number Price effective from Koha item type
    Dewey Decimal Classification     London London Journal article 03/11/1999   ABS60793 101289-1001 06/08/2019 1 06/08/2019 Journal article